000 00665nam a2200253Ia 4500
003 OSt
005 20230401095541.0
008 210210b1998 xxu||||| |||| 00| 0 eng d
020 _a8121908132
040 _c AL
041 _aeng
082 _a383/195
_2SHUB
100 _aM C Shukla
_936281
245 _aBusiness organisation and management
260 _aNew Delhi
_bS. Chand & Co. Ltd.
_c1998
300 _a878p.
_bPB
_c21x13cm.
650 _aCompany Management
_981481
650 _aLegal Ownership
_981482
650 _aBusiness System
_981483
690 _aManagement
_936286
700 _aSHUKLA (M C)
_981484
906 _a053135
942 _2ddc
_cBK
999 _c134620
_d134620